[Event "Velez Rapid op 10th"]
[Site "Velez Santander"]
[Date "2023.11.06"]
[Round "8"]
[White "Brizuela Abreu, Ronald Jesus"]
[Black "Abril Guiza, Mauricio"]
[Result "1-0"]
[WhiteElo "2326"]
[BlackElo "2056"]
[PlyCount "55"]
[EventDate "2023.11.06"]
[EventType "swiss (rapid)"]
[EventRounds "10"]
[EventCountry "COL"]
[SourceTitle "Mega2024 Update 01"]
[Source "Chessbase"]
[SourceDate "2023.11.12"]
[SourceVersion "1"]
[SourceVersionDate "2023.11.12"]
[SourceQuality "1"]

1. d4 Nf6 2. c4 c5 3. d5 b5 4. cxb5 a6 5. bxa6 g6 6. Nc3 Bg7 7. e4 0-0 8. Nf3 e6 9. Be2 Nxa6 10. 0-0 Bb7 11. Bg5 Qa5 12. a3 exd5 13. exd5 d6 14. Bc4 Nc7 15. Qd3 Bc8 16. Rfe1 Bf5 17. Qd2 Rab8 18. Bf4 Rfd8 19. h3 Bc8 20. Re7 Bf8 21. Rae1 Nh5 22. Ng5 f6 23. Nxh7 Bxe7 24. Rxe7 Rd7 25. Nxf6+ Nxf6 26. Bxd6 Rxd6 27. Qh6 Nce8 28. Qxg6+ 1-0

[Event "Tunja Boyaca op"]
[Site "Tunja"]
[Date "2019.08.03"]
[Round "6"]
[White "Prado, Leonardo"]
[Black "Abril Guiza, Mauricio"]
[Result "1/2-1/2"]
[WhiteElo "2077"]
[BlackElo "2017"]
[PlyCount "80"]
[EventDate "2019.07.31"]
[EventType "swiss"]
[EventRounds "9"]
[EventCountry "COL"]
[SourceTitle "EXT 2020"]
[Source "ChessBase"]
[SourceDate "2019.10.17"]
[SourceVersion "1"]
[SourceVersionDate "2019.10.17"]
[SourceQuality "1"]

1. e4 Nf6 2. e5 Nd5 3. c4 Nb6 4. d4 d6 5. exd6 exd6 6. Nc3 Be7 7. Be3 0-0 8. Bd3 Nc6 9. b3 Bf6 10. Nge2 Re8 11. 0-0 Nb4 12. Bb1 Bg4 13. a3 Nc6 14. Qd3 g6 15. Ng3 d5 16. c5 Nc8 17. b4 a6 18. Ba2 N6e7 19. Rae1 c6 20. Qd2 Nf5 21. Nxf5 Bxf5 22. Ne2 Ne7 23. Ng3 Be6 24. Bb1 Qd7 25. Bf4 Bf5 26. Ba2 h5 27. Be5 Bxe5 28. Rxe5 f6 29. Re3 h4 30. Ne2 Kg7 31. Re1 Ng8 32. Nf4 g5 33. Nd3 Bg6 34. f3 Rxe3 35. Rxe3 Re8 36. Bb3 Nh6 37. Ne1 Nf5 38. Rxe8 Qxe8 39. Nc2 Qe6 40. Kf2 Kf7 1/2-1/2

[Event "Tunja Boyacense op"]
[Site "Tunja"]
[Date "2018.12.16"]
[Round "6"]
[White "Gonzalez Lopez, Nicolas Mateo"]
[Black "Abril Guiza, Mauricio"]
[Result "1/2-1/2"]
[WhiteElo "2186"]
[BlackElo "1996"]
[PlyCount "76"]
[EventDate "2018.12.13"]
[EventType "swiss"]
[EventRounds "7"]
[EventCountry "COL"]
[SourceTitle "CBM 187 Extra"]
[Source "ChessBase"]
[SourceDate "2018.11.04"]
[SourceVersion "1"]
[SourceVersionDate "2018.11.04"]
[SourceQuality "1"]

1. e4 c5 2. Nf3 Nc6 3. Bb5 Nf6 4. d3 Qa5+ 5. Nc3 Nd4 6. Bc4 b5 7. Bd5 Nxd5 8. exd5 b4 9. Ne4 b3+ 10. Bd2 bxc2 11. Bxa5 cxd1Q+ 12. Kxd1 Nxf3 13. gxf3 d6 14. Re1 Kd7 15. b4 Bb7 16. bxc5 Bxd5 17. cxd6 exd6 18. Bc3 Rg8 19. f4 f5 20. Ng3 g6 21. Kd2 Bh6 22. Ne2 Rab8 23. Rab1 Bf3 24. Ke3 Bxe2 25. Kxe2 Bxf4 26. Kf3 Bh6 27. Bf6 Rxb1 28. Rxb1 Rc8 29. Bd4 Kc6 30. Rb3 Ra8 31. a4 a6 32. Rc3+ Kd5 33. Bb6 Rb8 34. a5 Rb7 35. Rc8 Bd2 36. Ra8 Bb4 37. Rxa6 Bc5 38. Bxc5 dxc5 1/2-1/2

[Event "Tunja Boyacense op"]
[Site "Tunja"]
[Date "2018.12.14"]
[Round "3"]
[White "Abril Guiza, Mauricio"]
[Black "Ruiz Aguilar, Pablo Alexander"]
[Result "0-1"]
[WhiteElo "1996"]
[BlackElo "2191"]
[PlyCount "96"]
[EventDate "2018.12.13"]
[EventType "swiss"]
[EventRounds "7"]
[EventCountry "COL"]
[SourceTitle "CBM 187 Extra"]
[Source "ChessBase"]
[SourceDate "2018.11.04"]
[SourceVersion "1"]
[SourceVersionDate "2018.11.04"]
[SourceQuality "1"]

1. d4 d5 2. Bf4 Nf6 3. Nf3 c5 4. e3 Nc6 5. Nbd2 cxd4 6. exd4 Qb6 7. Nb3 Bf5 8. Bd3 Bxd3 9. Qxd3 Rc8 10. c3 e6 11. 0-0 Be7 12. Rfe1 0-0 13. Nbd2 Nh5 14. Bg5 Bd6 15. Qe3 Qc7 16. g3 Rfe8 17. Ne5 f6 18. Nxc6 bxc6 19. Qf3 Nxg3 20. Bxf6 Nf5 21. Be5 c5 22. Nb3 Bxe5 23. Rxe5 cxd4 24. Rxf5 exf5 25. Qxd5+ Qf7 26. Qxf7+ Kxf7 27. Nxd4 Kf6 28. Rd1 Re5 29. Kg2 g5 30. Rd2 Rd8 31. Rc2 Rd6 32. a4 Re1 33. f3 h5 34. Kf2 Rh1 35. Kg2 Ra1 36. b3 a6 37. h4 gxh4 38. Kh3 Rh1+ 39. Kg2 Rd1 40. Kh3 Kg5 41. f4+ Kxf4 42. Rf2+ Ke4 43. Kxh4 f4 44. Kxh5 Rh1+ 45. Kg5 Rg1+ 46. Kh5 Rd8 47. Rxf4+ Kxf4 48. Ne2+ Kf5 0-1

[Event "Tunja Boyacense op"]
[Site "Tunja"]
[Date "2018.12.14"]
[Round "2"]
[White "Torres, Carlos Fernando"]
[Black "Abril Guiza, Mauricio"]
[Result "0-1"]
[WhiteElo "1783"]
[BlackElo "1996"]
[PlyCount "64"]
[EventDate "2018.12.13"]
[EventType "swiss"]
[EventRounds "7"]
[EventCountry "COL"]
[SourceTitle "CBM 187 Extra"]
[Source "ChessBase"]
[SourceDate "2018.11.04"]
[SourceVersion "1"]
[SourceVersionDate "2018.11.04"]
[SourceQuality "1"]

1. Nf3 c5 2. b3 Nf6 3. Bb2 d5 4. e3 g6 5. c4 Bg7 6. cxd5 0-0 7. Bc4 Na6 8. Nc3 Nb4 9. a3 Nbxd5 10. Nxd5 Nxd5 11. Bxg7 Kxg7 12. Qc2 a6 13. Rc1 Nf6 14. Be2 Bf5 15. Qc3 Rc8 16. h3 Kg8 17. d3 Nd5 18. Qd2 Be6 19. e4 Nf6 20. e5 Nd5 21. Rc4 f6 22. Qh6 Rf7 23. h4 Qf8 24. Qxf8+ Rfxf8 25. exf6 exf6 26. Kd2 b5 27. Rcc1 Rfd8 28. g3 Nb6 29. Kc3 c4 30. dxc4 bxc4 31. Kb2 cxb3 32. Rxc8 Na4+ 0-1

[Event "American Continental 13th"]
[Site "Medellin"]
[Date "2017.06.11"]
[Round "2"]
[White "Abril Guiza, Mauricio"]
[Black "Pena, Alcides"]
[Result "1-0"]
[WhiteElo "2020"]
[BlackElo "1728"]
[PlyCount "57"]
[EventDate "2017.06.10"]
[EventType "swiss"]
[EventRounds "11"]
[EventCountry "COL"]
[SourceTitle "CBM 178 Extra"]
[Source "ChessBase"]
[SourceDate "2017.06.22"]
[SourceVersion "1"]
[SourceVersionDate "2017.06.22"]
[SourceQuality "1"]

1. d4 d5 2. Nf3 c5 3. c3 Nc6 4. e3 a6 5. Bd3 Bg4 6. Nbd2 e6 7. 0-0 Bd6 8. e4 cxd4 9. cxd4 Nxd4 10. exd5 Nxf3+ 11. Nxf3 exd5 12. Qa4+ Qd7 13. Bb5 Qxb5 14. Qxg4 g6 15. Re1+ Ne7 16. Bg5 Qd7 17. Qh4 Kf8 18. Bf6 Nf5 19. Qh3 Kg8 20. Rad1 h5 21. Bxh8 Kxh8 22. Nd4 Qc7 23. Nxf5 gxf5 24. Qxh5+ Kg7 25. Rxd5 Rh8 26. Qg5+ Kf8 27. g3 Be7 28. Rxe7 Qxe7 29. Rd8+ 1-0

[Event "COL pre olympic sf2"]
[Site "Cartagena"]
[Date "2016.05.08"]
[Round "7"]
[White "Abril Guiza, Mauricio"]
[Black "Garcia Alarcon, Alvaro"]
[Result "0-1"]
[WhiteElo "1999"]
[BlackElo "2180"]
[PlyCount "96"]
[EventDate "2016.05.04"]
[EventType "swiss"]
[EventRounds "9"]
[EventCountry "COL"]
[SourceTitle "CBM 172 Extra"]
[Source "ChessBase"]
[SourceDate "2016.06.21"]
[SourceVersion "1"]
[SourceVersionDate "2016.06.21"]
[SourceQuality "1"]

1. d4 c5 2. c3 e6 3. Bf4 Nf6 4. e3 b6 5. Nf3 Bb7 6. Bd3 Be4 7. Be2 h6 8. Nbd2 Bh7 9. h3 Be7 10. 0-0 0-0 11. a4 Nc6 12. Ba6 Na5 13. Re1 d5 14. Ne5 Nd7 15. Nb3 Nxe5 16. Nxa5 bxa5 17. Bxe5 Bd6 18. Bd3 Bxe5 19. Bxh7+ Kxh7 20. Qd3+ f5 21. dxe5 Rb8 22. Re2 Qc7 23. f4 Qc6 24. Kh2 Rb3 25. Ra2 Kh8 26. Qc2 Qb7 27. g4 d4 28. cxd4 cxd4 29. Qc5 Rd8 30. Qxa5 Rc8 31. Qe1 fxg4 32. hxg4 Qf3 33. Qf2 Qxg4 34. Ra3 Rxa3 35. bxa3 Rc1 36. exd4 Qh5+ 37. Kg3 Rh1 38. Qg2 Qh4+ 39. Kf3 g5 40. Ke3 Qxf4+ 41. Kd3 Rd1+ 42. Rd2 Rxd2+ 43. Qxd2 Qxd2+ 44. Kxd2 Kg7 45. Ke3 Kf7 46. Kf3 h5 47. Ke4 Kg6 48. Kf3 Kf5 0-1

[Event "COL pre olympic sf2"]
[Site "Cartagena"]
[Date "2016.05.08"]
[Round "8"]
[White "Castaneda Jimenez, Jhon David"]
[Black "Abril Guiza, Mauricio"]
[Result "1-0"]
[WhiteElo "2178"]
[BlackElo "1999"]
[PlyCount "67"]
[EventDate "2016.05.04"]
[EventType "swiss"]
[EventRounds "9"]
[EventCountry "COL"]
[SourceTitle "CBM 172 Extra"]
[Source "ChessBase"]
[SourceDate "2016.06.21"]
[SourceVersion "1"]
[SourceVersionDate "2016.06.21"]
[SourceQuality "1"]

1. d4 Nf6 2. Nf3 c5 3. d5 b5 4. Bg5 Qb6 5. d6 e6 6. Nc3 b4 7. Bxf6 gxf6 8. Ne4 Bg7 9. Qd2 Bb7 10. Ng3 h5 11. h4 Bh6 12. e3 Bf8 13. Rd1 f5 14. Ne5 Nc6 15. Nc4 Qd8 16. Be2 Na5 17. Nxa5 Qxa5 18. Nxh5 0-0-0 19. 0-0 Rh6 20. f4 c4 21. Qd4 Qd5 22. Rf2 Kb8 23. Qe5 Qc6 24. Rd4 f6 25. Qa5 Qb6 26. Qxb6 axb6 27. Bd1 Bd5 28. Ng3 Bxd6 29. Rxd5 Bc5 30. Rxc5 bxc5 31. h5 d5 32. Rf1 Kc7 33. Ne2 Ra8 34. Nc1 1-0

[Event "COL pre olympic sf2"]
[Site "Cartagena"]
[Date "2016.05.06"]
[Round "4"]
[White "Abril Guiza, Mauricio"]
[Black "Jaramillo, Carlos Mario"]
[Result "1-0"]
[WhiteElo "1999"]
[BlackElo "1581"]
[PlyCount "65"]
[EventDate "2016.05.04"]
[EventType "swiss"]
[EventRounds "9"]
[EventCountry "COL"]
[SourceTitle "CBM 172 Extra"]
[Source "ChessBase"]
[SourceDate "2016.06.21"]
[SourceVersion "1"]
[SourceVersionDate "2016.06.21"]
[SourceQuality "1"]

1. d4 d5 2. Bf4 e6 3. e3 Bd6 4. Bg3 Nf6 5. Nf3 0-0 6. Bd3 Re8 7. Nbd2 c5 8. c3 a6 9. Ne5 Nbd7 10. Nxf7 Kxf7 11. Bxd6 c4 12. Bc2 e5 13. dxe5 Nxe5 14. Bxe5 Rxe5 15. Nxc4 Rg5 16. Qd4 Rxg2 17. 0-0-0 Be6 18. Nb6 Rb8 19. e4 Nxe4 20. Nxd5 Qg5+ 21. f4 Rxc2+ 22. Kxc2 Qg2+ 23. Kc1 Qf3 24. Rhf1 Qh5 25. Qxe4 Rd8 26. f5 Bxd5 27. Rxd5 Qg5+ 28. Kb1 Re8 29. Qc4 Kf8 30. f6 Qg2 31. fxg7+ Kxg7 32. Qd4+ Kg8 33. Rg1 1-0

[Event "COL pre olympic sf2"]
[Site "Cartagena"]
[Date "2016.05.05"]
[Round "3"]
[White "Munoz Galvez, Jhon Edison"]
[Black "Abril Guiza, Mauricio"]
[Result "1-0"]
[WhiteElo "2322"]
[BlackElo "1999"]
[PlyCount "59"]
[EventDate "2016.05.04"]
[EventType "swiss"]
[EventRounds "9"]
[EventCountry "COL"]
[SourceTitle "CBM 172 Extra"]
[Source "ChessBase"]
[SourceDate "2016.06.21"]
[SourceVersion "1"]
[SourceVersionDate "2016.06.21"]
[SourceQuality "1"]

1. c4 e5 2. Nc3 Nf6 3. Nf3 Nc6 4. g3 Bb4 5. Bg2 Bxc3 6. bxc3 0-0 7. 0-0 d6 8. Rb1 Rb8 9. d3 h6 10. e4 Be6 11. Nh4 Ne7 12. Rb2 g5 13. Nf3 Nh7 14. Be3 b6 15. Nd2 Nf6 16. h3 Ng6 17. Kh2 Kh7 18. Nb3 Ng8 19. Qe2 Qc8 20. Rfb1 Qd7 21. a4 N8e7 22. a5 Rbe8 23. Nd2 Qa4 24. Nf3 Qd7 25. Ra1 g4 26. hxg4 Bxg4 27. Qd2 f5 28. Bxh6 fxe4 29. Bxf8 exf3 30. Qh6+ 1-0

[Event "Bogota Navidad op"]
[Site "Bogota"]
[Date "2014.12.08"]
[Round "8"]
[White "Abril Guiza, Mauricio"]
[Black "Estrella Becerra, Fernando"]
[Result "1-0"]
[WhiteElo "2053"]
[BlackElo "1986"]
[PlyCount "79"]
[EventDate "2014.12.04"]
[EventType "swiss"]
[EventRounds "9"]
[EventCountry "COL"]
[SourceTitle "CBM 163 Extra"]
[Source "ChessBase"]
[SourceDate "2014.12.23"]
[SourceVersion "1"]
[SourceVersionDate "2014.12.23"]
[SourceQuality "1"]

1. d4 Nf6 2. Nf3 g6 3. Bf4 d5 4. e3 Bg7 5. c4 c6 6. Nc3 0-0 7. Be2 Re8 8. h3 Qb6 9. a3 Bf5 10. Na4 Qd8 11. Qb3 b6 12. Nc3 h6 13. Rc1 g5 14. Bg3 a6 15. 0-0 b5 16. cxb5 cxb5 17. Ne5 e6 18. Rfd1 Nbd7 19. a4 bxa4 20. Nxa4 Ne4 21. Nc6 Nxg3 22. fxg3 Qf6 23. g4 Be4 24. Qb7 Rad8 25. Rf1 Qg6 26. Nxd8 Rxd8 27. Rc7 Bd3 28. Bxd3 Qxd3 29. Rxd7 Qxe3+ 30. Kh1 Rxd7 31. Qxd7 Qxd4 32. Qxf7+ Kh7 33. Nc3 Qe5 34. Qf3 Qb8 35. Qd3+ Kh8 36. Qe2 Qb6 37. Re1 d4 38. Na4 Qb5 39. Qxb5 axb5 40. Nc5 1-0

[Event "Bogota Navidad op"]
[Site "Bogota"]
[Date "2014.12.05"]
[Round "4"]
[White "Abril Guiza, Mauricio"]
[Black "Arias Gaviria, Mario Alexis"]
[Result "0-1"]
[WhiteElo "2053"]
[BlackElo "2199"]
[PlyCount "62"]
[EventDate "2014.12.04"]
[EventType "swiss"]
[EventRounds "9"]
[EventCountry "COL"]
[SourceTitle "CBM 163 Extra"]
[Source "ChessBase"]
[SourceDate "2014.12.23"]
[SourceVersion "1"]
[SourceVersionDate "2014.12.23"]
[SourceQuality "1"]

1. d4 Nf6 2. Nf3 g6 3. Bf4 Bg7 4. e3 d6 5. h3 0-0 6. Be2 Nfd7 7. 0-0 e5 8. Bh2 f5 9. c4 h6 10. Nc3 Nc6 11. Rc1 g5 12. c5 e4 13. Bc4+ Kh7 14. cxd6 cxd6 15. Nd2 Nb6 16. Bb3 d5 17. Nb5 f4 18. Bc2 a6 19. Nxe4 dxe4 20. Bxe4+ Kh8 21. Qh5 Bf5 22. Bxf5 Rxf5 23. Nc3 Qf8 24. d5 Nxd5 25. Nxd5 Rxd5 26. Bxf4 Rb5 27. a4 Rf5 28. Bg3 Re8 29. Rc4 Rxe3 30. Rd1 Re6 31. Rd7 Re1+ 0-1

[Event "Bogota Navidad op"]
[Site "Bogota"]
[Date "2014.12.05"]
[Round "3"]
[White "Zapata Cuartas, Juan Carlos"]
[Black "Abril Guiza, Mauricio"]
[Result "1/2-1/2"]
[WhiteElo "2163"]
[BlackElo "2053"]
[PlyCount "68"]
[EventDate "2014.12.04"]
[EventType "swiss"]
[EventRounds "9"]
[EventCountry "COL"]
[SourceTitle "CBM 163 Extra"]
[Source "ChessBase"]
[SourceDate "2014.12.23"]
[SourceVersion "1"]
[SourceVersionDate "2014.12.23"]
[SourceQuality "1"]

1. d4 Nf6 2. c4 c5 3. d5 b5 4. cxb5 a6 5. bxa6 Bxa6 6. Nc3 g6 7. e4 Bxf1 8. Kxf1 d6 9. g3 Bg7 10. Kg2 0-0 11. Nf3 Nbd7 12. h3 Qb6 13. Re1 Qb7 14. Rb1 Ng4 15. hxg4 Bxc3 16. Bd2 Bg7 17. Bc3 Rxa2 18. Bxg7 Kxg7 19. Qc1 f6 20. Rh1 Rh8 21. Qh6+ Kf7 22. Qd2 Qb4 23. Qxb4 cxb4 24. Nd4 Nc5 25. Nc6 b3 26. Rhe1 Na4 27. Re3 Nc5 28. f4 Rha8 29. e5 Ra1 30. Nd8+ Kf8 31. Rxa1 Rxa1 32. exf6 exf6 33. Ne6+ Nxe6 34. dxe6 Ke7 1/2-1/2

[Event "Bogota Navidad op"]
[Site "Bogota"]
[Date "2014.12.04"]
[Round "2"]
[White "Abril Guiza, Mauricio"]
[Black "Pereira Vera, Henry Alberto"]
[Result "1-0"]
[WhiteElo "2053"]
[BlackElo "1954"]
[PlyCount "73"]
[EventDate "2014.12.04"]
[EventType "swiss"]
[EventRounds "9"]
[EventCountry "COL"]
[SourceTitle "CBM 163 Extra"]
[Source "ChessBase"]
[SourceDate "2014.12.23"]
[SourceVersion "1"]
[SourceVersionDate "2014.12.23"]
[SourceQuality "1"]

1. d4 Nf6 2. Nf3 g6 3. Bf4 c5 4. c3 Qb6 5. Qb3 d6 6. e3 Be6 7. Bb5+ Nbd7 8. c4 Qa5+ 9. Nc3 a6 10. Bxd7+ Nxd7 11. d5 Bg4 12. Nd2 g5 13. Bxg5 Ne5 14. f3 Bc8 15. 0-0 Rg8 16. f4 Ng4 17. Rae1 Bg7 18. Kh1 h6 19. Bh4 Qc7 20. h3 Nf6 21. e4 Nh7 22. e5 dxe5 23. fxe5 Ng5 24. Bxg5 hxg5 25. e6 fxe6 26. dxe6 Qc6 27. Nd5 b5 28. Qf3 Kd8 29. Qf7 Qe8 30. Qf2 Bd4 31. Qg3 Ra7 32. Nb3 bxc4 33. Nxd4 cxd4 34. Qe5 Qc6 35. Qxd4 Bb7 36. Ne3+ Kc7 37. Qxa7 1-0

[Event "Medellin Flores op 20th"]
[Site "Medellin"]
[Date "2014.08.08"]
[Round "4"]
[White "Abril Guiza, Mauricio"]
[Black "Martinez Zuluaica, Julian"]
[Result "0-1"]
[WhiteElo "2042"]
[BlackElo "2213"]
[PlyCount "66"]
[EventDate "2014.08.06"]
[EventType "swiss"]
[EventRounds "9"]
[EventCountry "COL"]
[SourceTitle "CBM 162 Extra"]
[Source "ChessBase"]
[SourceDate "2014.10.17"]
[SourceVersion "1"]
[SourceVersionDate "2014.10.17"]
[SourceQuality "1"]

1. d4 Nf6 2. Nf3 c5 3. c3 cxd4 4. cxd4 d5 5. g3 Bf5 6. Nc3 e6 7. Bg2 Bd6 8. 0-0 Nc6 9. Nh4 Bg6 10. Bg5 Qb6 11. Nxg6 hxg6 12. Bxf6 gxf6 13. e4 Nxd4 14. Qa4+ Kf8 15. exd5 e5 16. Ne4 f5 17. Nxd6 Qxd6 18. f4 Qb6 19. Kh1 Kg7 20. Rf2 Nf3 21. Rxf3 Rxh2+ 22. Kxh2 Rh8+ 23. Bh3 Qxb2+ 24. Kg1 Rxh3 25. Qd1 Qh2+ 26. Kf1 e4 27. Qd4+ Kh7 28. Rf2 Qxg3 29. Rg2 Rh1+ 30. Rg1 Qf3+ 31. Ke1 Rh2 32. Qd2 Rxd2 33. Kxd2 Qd3+ 0-1

[Event "Bogota McGregor op 4th"]
[Site "Bogota"]
[Date "2013.12.08"]
[Round "8"]
[White "Abril Guiza, Mauricio"]
[Black "Martinez, Jorge Alexander"]
[Result "1/2-1/2"]
[WhiteElo "2023"]
[BlackElo "2206"]
[PlyCount "100"]
[EventDate "2013.12.04"]
[EventType "swiss"]
[EventRounds "9"]
[EventCountry "COL"]
[SourceTitle "CBM 157 Extra"]
[Source "ChessBase"]
[SourceDate "2013.12.19"]
[SourceVersion "1"]
[SourceVersionDate "2013.12.19"]
[SourceQuality "1"]

1. Nf3 c5 2. c4 b6 3. g3 Bb7 4. Bg2 Nf6 5. 0-0 d6 6. d4 cxd4 7. Qxd4 g6 8. b3 Bg7 9. Bb2 0-0 10. Rd1 Nbd7 11. Nc3 Rc8 12. Rac1 Re8 13. Nd5 b5 14. Qxa7 Bxd5 15. cxd5 Ra8 16. Qb7 Rxa2 17. Bxf6 Nxf6 18. Qxb5 Qa8 19. Nd4 Rb8 20. Qc4 Nd7 21. Nc6 Ne5 22. Nxe7+ Kf8 23. Qc7 Ra7 24. Qxb8+ Qxb8 25. Rc8+ Qxc8 26. Nxc8 Ra6 27. b4 Nc4 28. Rc1 Ra1 29. Rxa1 Bxa1 30. e3 Ke8 31. Bf1 Kd7 32. Na7 Nb6 33. Bb5+ Ke7 34. e4 f5 35. f3 Kf6 36. Nc6 Nd7 37. Kf1 Ne5 38. Ke2 fxe4 39. fxe4 Bc3 40. Ba4 g5 41. Bd1 h5 42. b5 Nxc6 43. dxc6 Ba5 44. h3 Ke5 45. Kd3 h4 46. gxh4 gxh4 47. Bb3 Bb6 48. Bd5 Kf4 49. Kc4 Ke5 50. Kd3 Kf4 1/2-1/2

[Event "Bogota McGregor op 4th"]
[Site "Bogota"]
[Date "2013.12.07"]
[Round "6"]
[White "Abril Guiza, Mauricio"]
[Black "Ruiz, Alciguel"]
[Result "1/2-1/2"]
[WhiteElo "2023"]
[BlackElo "2165"]
[PlyCount "83"]
[EventDate "2013.12.04"]
[EventType "swiss"]
[EventRounds "9"]
[EventCountry "COL"]
[SourceTitle "CBM 157 Extra"]
[Source "ChessBase"]
[SourceDate "2013.12.19"]
[SourceVersion "1"]
[SourceVersionDate "2013.12.19"]
[SourceQuality "1"]

1. Nf3 Nf6 2. c4 g6 3. b4 Bg7 4. Bb2 0-0 5. g3 c6 6. Bg2 d5 7. cxd5 cxd5 8. 0-0 Nc6 9. b5 Na5 10. d3 Bd7 11. a4 a6 12. Na3 Qe8 13. Rb1 axb5 14. axb5 b6 15. Ne5 Nb7 16. Nxd7 Qxd7 17. Nc2 Rfc8 18. Nb4 e6 19. Nc6 Nd6 20. Qb3 Qe8 21. Rfc1 Nd7 22. Bxg7 Kxg7 23. Qb4 Nc5 24. Qd4+ f6 25. e4 Nxb5 26. Rxb5 Qxc6 27. Qb2 Qd7 28. Rb1 Na4 29. Qd4 Nc3 30. R5b2 Nxb1 31. Rxb1 Ra4 32. Qxb6 d4 33. e5 fxe5 34. Bh3 Kf6 35. Re1 Qc6 36. Qb3 Ra5 37. Bg2 Qc3 38. Qd1 Kg7 39. Qe2 Ra1 40. Qxe5+ Kh6 41. Qf4+ Kg7 42. Qe5+ 1/2-1/2

[Event "Bogota McGregor op 4th"]
[Site "Bogota"]
[Date "2013.12.05"]
[Round "3"]
[White "Becerra, Juan David"]
[Black "Abril Guiza, Mauricio"]
[Result "0-1"]
[WhiteElo "2221"]
[BlackElo "2023"]
[PlyCount "76"]
[EventDate "2013.12.04"]
[EventType "swiss"]
[EventRounds "9"]
[EventCountry "COL"]
[SourceTitle "CBM 157 Extra"]
[Source "ChessBase"]
[SourceDate "2013.12.19"]
[SourceVersion "1"]
[SourceVersionDate "2013.12.19"]
[SourceQuality "1"]

1. e4 c5 2. Nf3 Nc6 3. Nc3 e5 4. Bb5 d6 5. 0-0 Be7 6. Nd5 Nf6 7. Re1 0-0 8. c3 Bg4 9. h3 Bh5 10. Bc4 Nxd5 11. Bxd5 Qd7 12. d3 Kh8 13. g4 Bg6 14. Kg2 f6 15. Nh4 Bf7 16. Nf5 Bxd5 17. exd5 Nd8 18. d4 cxd4 19. cxd4 g6 20. Ng3 Nf7 21. b3 Rac8 22. Bb2 Qb5 23. dxe5 dxe5 24. Ne4 Rfd8 25. g5 Rxd5 26. Qf3 Rd3 27. Qe2 f5 28. Ng3 Bxg5 29. Rad1 Qc6+ 30. Kg1 Rxd1 31. Qxd1 Rd8 32. Qa1 Bf6 33. f4 Qf3 34. Ne2 Rd2 35. Bxe5 Nxe5 36. fxe5 Qe3+ 37. Kf1 Bxe5 38. Qc1 Qf3+ 0-1

[Event "Bogota University op 7th"]
[Site "Bogota"]
[Date "2013.10.12"]
[Round "6"]
[White "Abril Guiza, Mauricio"]
[Black "Valle, Efrain"]
[Result "0-1"]
[WhiteElo "2005"]
[BlackElo "2207"]
[PlyCount "40"]
[EventDate "2013.10.10"]
[EventType "swiss"]
[EventRounds "9"]
[EventCountry "COL"]
[SourceTitle "CBM 156 Extra"]
[Source "ChessBase"]
[SourceDate "2013.10.22"]
[SourceVersion "1"]
[SourceVersionDate "2013.10.22"]
[SourceQuality "1"]

1. Nf3 c5 2. b3 d6 3. Bb2 e5 4. e4 Nf6 5. Bb5+ Nbd7 6. Nc3 a6 7. Bd3 b5 8. 0-0 Bb7 9. Re1 Be7 10. a4 b4 11. Ne2 Nxe4 12. Bxe4 Bxe4 13. Ng3 Bg6 14. d4 cxd4 15. Bxd4 Rc8 16. Qd2 Rxc2 17. Qxb4 0-0 18. Be3 f5 19. Rac1 Qc8 20. Ne2 Qc6 0-1

[Event "Bogota University op 7th"]
[Site "Bogota"]
[Date "2013.10.11"]
[Round "4"]
[White "Ruiz Aguilar, Pablo Alexander"]
[Black "Abril Guiza, Mauricio"]
[Result "1-0"]
[WhiteElo "2239"]
[BlackElo "2005"]
[PlyCount "40"]
[EventDate "2013.10.10"]
[EventType "swiss"]
[EventRounds "9"]
[EventCountry "COL"]
[SourceTitle "CBM 156 Extra"]
[Source "ChessBase"]
[SourceDate "2013.10.22"]
[SourceVersion "1"]
[SourceVersionDate "2013.10.22"]
[SourceQuality "1"]

1. e4 c5 2. Nf3 Nc6 3. Nc3 e5 4. Bc4 Be7 5. d3 Nf6 6. Ng5 0-0 7. f4 d5 8. exd5 Nd4 9. 0-0 Bg4 10. Qd2 Nd7 11. d6 Bxg5 12. fxg5 Nb6 13. Nd5 Nxc4 14. dxc4 Bf5 15. Nf6+ gxf6 16. c3 Ne6 17. Rxf5 Nxg5 18. Qd5 Ne6 19. Bh6 Qd7 20. Rxf6 b5 1-0

[Event "Bogota University op 7th"]
[Site "Bogota"]
[Date "2013.10.10"]
[Round "2"]
[White "Rodriguez Rueda, Paula Andrea"]
[Black "Abril Guiza, Mauricio"]
[Result "1-0"]
[WhiteElo "2250"]
[BlackElo "2005"]
[PlyCount "61"]
[EventDate "2013.10.10"]
[EventType "swiss"]
[EventRounds "9"]
[EventCountry "COL"]
[SourceTitle "CBM 156 Extra"]
[Source "ChessBase"]
[SourceDate "2013.10.22"]
[SourceVersion "1"]
[SourceVersionDate "2013.10.22"]
[SourceQuality "1"]

1. d4 Nf6 2. c4 c5 3. d5 b5 4. cxb5 a6 5. Qc2 d6 6. e4 g6 7. Nc3 Bg7 8. Nf3 0-0 9. Be2 axb5 10. Bxb5 Na6 11. 0-0 Nb4 12. Qe2 Bg4 13. Bg5 Bxf3 14. gxf3 Qc8 15. a3 Na6 16. f4 Nc7 17. Bc6 Ra7 18. Kh1 h6 19. Bh4 Qh3 20. Bg3 h5 21. e5 Ng4 22. f3 h4 23. Bxh4 Nh6 24. Bf2 Nf5 25. Ne4 Bh6 26. exd6 Bxf4 27. Bxc5 Ra5 28. dxe7 Rxc5 29. exf8Q+ Kxf8 30. Qg2 Qh8 31. Nxc5 1-0

[Event "COL-ch Amateur"]
[Site "San Andres Islas"]
[Date "2013.03.17"]
[Round "8"]
[White "Abril Guiza, Mauricio"]
[Black "Duran Barraza, Mateo Andres"]
[Result "1-0"]
[WhiteElo "1998"]
[BlackElo "1886"]
[PlyCount "79"]
[EventDate "2013.03.13"]
[EventType "swiss"]
[EventRounds "9"]
[EventCountry "COL"]
[SourceTitle "CBM 153 Extra"]
[Source "ChessBase"]
[SourceDate "2013.04.22"]
[SourceVersion "1"]
[SourceVersionDate "2013.04.22"]
[SourceQuality "1"]

1. Nf3 Nf6 2. g3 d5 3. c4 c6 4. Bg2 Bf5 5. Qb3 Qb6 6. Nc3 e6 7. cxd5 exd5 8. Qxb6 axb6 9. d3 Nbd7 10. 0-0 Bd6 11. e4 Be6 12. Nd4 Bc5 13. Nxe6 fxe6 14. Bh3 Kf7 15. Kg2 b5 16. f3 Rhd8 17. Ne2 e5 18. f4 dxe4 19. dxe4 Kg8 20. fxe5 Nxe5 21. Nf4 Bb6 22. Bf5 Rd6 23. Kh1 Rad8 24. Ne6 Rd1 25. Bf4 Neg4 26. Nxd8 Rxd8 27. h3 Nf2+ 28. Kg2 Nd3 29. Bg5 h6 30. Be6+ Kh8 31. Bxf6 gxf6 32. Rxf6 Ne5 33. Raf1 Kg7 34. h4 h5 35. R6f5 Rd2+ 36. Kh3 Bd4 37. Rxh5 Rxb2 38. Rff5 Ng6 39. Rf7+ Kg8 40. Rg5 1-0